00482nam a22001697a 4500003001200000005001700012008004100029020001500070040001200085082001600097100003000113245005200143250000600195260005800201300001200259650004100271NUST - PNEC20170116180758.0150408b xxu||||| |||| 00| 0 eng d a0930473086 cLIBRARY a623.557 KOO a Koopman, Bernard Osgood, aSearch and screeningc Koopman, Bernard Osgood, a- aUASbThe Military Operations Research SocietycC 1999 a368 . : a Search and screeningxSearch theory